[Event "Bern op"]
[Site "Bern"]
[Date "1992.??.??"]
[Round "8"]
[White "Foisor, Ovidiu Doru"]
[Black "Ragozin, Evgeni"]
[Result "0-1"]
[WhiteElo "2425"]
[BlackElo "2415"]
[Annotator "Ftacnik,L"]
[PlyCount "116"]
[EventDate "1992.02.??"]
[EventType "swiss"]
[EventRounds "9"]
[EventCountry "SUI"]
[SourceTitle "CBM 028"]
[Source "ChessBase"]
[SourceDate "1992.06.01"]
[SourceVersion "1"]
[SourceVersionDate "1992.06.01"]
[SourceQuality "1"]

1. c4 Nf6 2. Nf3 g6 3. g3 Bg7 4. Bg2 d5 5. cxd5 Nxd5 6. d4 Nb6 7. Nc3 Nc6 8.
O-O O-O 9. d5 Na5 10. e4 c6 11. Bg5 h6 12. Bf4 Nac4 13. Qe2 e5 14. dxe6 Bxe6
15. Rad1 {N} (15. Rfd1 Qc8 (15... Qe7 16. Nd4 Bd7 17. b3 Ne5 18. h3 g5 {
0,5/Krisko-Slapak/CSFR ch-corr/1988/}) 16. Nd4 Bh3 17. Rac1 Bxg2 18. Kxg2 Rd8
19. Nf3 Rxd1 20. Qxd1 Nxb2 $17 {Bjarnason,S-Ostenstad,B/Gausdal zt/1987/})
15... Qe7 16. Nd4 Rad8 (16... Bd7 17. b3 Ne5 18. Bxe5 $5 Bxe5 19. f4 $14) 17.
Nxe6 Qxe6 18. Bc1 (18. Rxd8 Rxd8 19. Rd1 Rxd1+ 20. Nxd1 $10) 18... Qe7 19. Nb1
Nd6 (19... Rfe8 20. b3 Nd6 21. Ba3) 20. Na3 (20. b3 Nb5 $1) 20... Qe6 21. b3
Nd5 $1 22. Bd2 f5 (22... Nc3 23. Bxc3 Bxc3 24. f4 $10) 23. e5 (23. Rfe1 fxe4
24. Bxe4 $2 Qxe4 25. Qxe4 Nxe4 26. Rxe4 Nc3 $19) 23... Bxe5 24. Bxd5 (24. Bxh6
Nc3 25. Qe1 Rfe8 $36) 24... cxd5 25. Bxh6 Rfe8 26. Be3 (26. Nb5 Ne4 $22 27.
Nxa7 Nc3 $17) 26... Ne4 27. Nb5 a6 28. Nd4 Nc3 (28... Qf6 29. Qd3 $15) 29. Qc2
Bxd4 30. Rxd4 Nb5 31. Rd3 d4 32. Bg5 Rd7 33. h4 $6 (33. Rfd1 $15) 33... Nc3 34.
Qd2 f4 $1 35. Bxf4 Qh3 36. Re1 Rde7 37. Rxe7 Rxe7 38. Rxc3 (38. Be3 dxe3 39.
Qxc3 e2 40. Qc4+ Kh7 $19) 38... dxc3 39. Qxc3 (39. Qd8+ Kf7 40. Qd5+ Qe6 $19)
39... Re2 40. Be3 (40. Qc4+ Qe6 $17) 40... b5 41. a4 Qe6 42. a5 Kf7 43. Kh2 (
43. Kf1 Ra2 $17) 43... Ke8 44. b4 Ra2 45. Bb6 Kf7 (45... Re2 46. Qh8+ Kd7 $2
47. Qd8+ Kc6 48. Qc7+ Kd5 49. Qc5+ Ke4 50. Qd4+ Kf5 51. g4#) 46. Qf3+ Qf5 47.
Qb7+ Ke8 48. Kg2 (48. Qb8+ Kf7 49. Qb7+ Kg8 50. Qb8+ Kh7 51. Qb7+ Kh6 52. Be3+
Kh5 $17) 48... Rd2 49. Qxa6 Qd5+ 50. Kh2 Rd1 51. Qc8+ Kf7 52. Qc7+ Ke8 53. Qb8+
Kf7 54. Qf4+ (54. Qc7+ Kf6 55. Qf4+ Ke6 56. Qg4+ Kf7 57. Qf4+) 54... Kg8 55. f3
$2 (55. Qb8+ Kh7 56. Qc7+ Kh6 57. Qf4+ Kh5 58. g4+ Kxh4 59. Qg3+ Kg5 60. f4+
Kf6 61. Qh4+ Kg7 62. Qe7+ Qf7 $15) 55... Qa2+ 56. Kh3 Rh1+ 57. Kg4 Qe6+ 58. Kg5
Rd1 {Ftacnik,L} 0-1

[Event "Hastings 9495"]
[Site "Hastings"]
[Date "1994.??.??"]
[Round "4"]
[White "Maric, Alisa"]
[Black "Howell, James C"]
[Result "1-0"]
[WhiteElo "2400"]
[BlackElo "2505"]
[Annotator "Ftacnik,L"]
[PlyCount "63"]
[EventDate "1994.12.??"]
[EventType "tourn"]
[EventRounds "9"]
[EventCountry "ENG"]
[EventCategory "9"]
[SourceTitle "CBM 045"]
[Source "ChessBase"]
[SourceDate "1995.04.01"]
[SourceVersion "1"]
[SourceVersionDate "1995.04.01"]
[SourceQuality "1"]

1. Nf3 Nf6 2. c4 g6 3. g3 Bg7 4. Bg2 O-O 5. d4 d5 6. cxd5 Nxd5 7. O-O Nb6 8.
Nc3 Nc6 9. e3 e5 (9... Re8 10. d5 Na5 11. Nd4 Bd7 12. Qe2 c6 13. dxc6 Nxc6 14.
Nxc6 Bxc6 15. Bxc6 bxc6 16. Rd1 Qc8 17. e4 {Arakhamia,K-Howell,J/ Hastings
9495 (02) 1994/ 1/2-1/2 (45)}) 10. d5 Na5 11. e4 c6 12. Bg5 f6 13. Be3 cxd5 14.
Bxb6 Qxb6 15. Nxd5 Qd8 (15... Qxb2 $2 16. Nc7 Rb8 17. Qd5+ {and the Na5 falls.}
) 16. Rc1 Nc6 (16... Bg4 17. Rc7 Rf7 18. Rxf7 Kxf7 19. Nxe5+ fxe5 20. Qxg4 Kg8
21. h4 Nc6 22. h5 gxh5 23. Qxh5 h6 24. Bh3 Qg5 25. Be6+ Kh8 26. Qxg5 hxg5 27.
Kg2 Bf8 28. Rh1+ Kg7 29. Bf5 Kf7 30. Nc7 Rb8 31. Rh7+ Kg8 32. Nd5 Bg7 33. Rh5 {
1-0 Cvitan,O-Sanchez Almeyra,J/ Biel op 1992}) 17. b4 $1 (17. Qb3 Rf7 18. Rfd1
Be6 19. h4 Bh6 20. Rc3 Kh8 21. Kh2 Qe8 22. Bh3 Bxh3 23. Kxh3 Qe6+ 24. Kg2 Re8 {
Hansen,Cu-Kortschnoj,V/ Biel 1992/ 1/2-1/2 (66)}) 17... f5 $2 {This move will
be refuted in this game. So Black has to look for other moves.} (17... Rf7 $2
18. b5 Na5 19. Nc7 $1 Qxd1 20. Rfxd1 Rb8 21. Rd8+ Rf8 22. Ne8 $1 {and the Bc8
falls.}) (17... a6 $6 {is recommendet by ECO, but even this move seems to be
dubious.} 18. Qb3 $1 {Not mentioned in ECO.} (18. a4 f5 19. b5 axb5 20. axb5
fxe4 21. bxc6 bxc6 $1 22. Nxe5 cxd5 23. Nc6 Qd7 24. Qxd5+ Qxd5 25. Ne7+ {
Majorovas,V-Gavrikov,V/ URS-chYM Jurmala 1983/ 0-1 (40)}) 18... Rf7 (18... Kh8
19. Qe3 f5 20. Nb6 Rb8 21. Rfd1 $16 {Hulak-Popovich/ JUG 1989}) 19. Qe3 Be6 20.
a3 Qf8 21. Qb6 Qd8 22. Qe3 Bxd5 23. exd5 Ne7 24. Qb3 Nf5 25. Bh3 Bh6 26. Rc2
Rc8 27. Bxf5 gxf5 28. Rxc8 Qxc8 29. d6 Qd7 30. Rd1 Kh8 31. Qxf7 {1-0 Garcia,
Rau-Santos,A/ Lisboa zt (05) 1993}) (17... Bg4 $5 {Seemes to be best by test:}
18. Qb3 (18. h3 Bxf3 19. Qxf3 f5 20. h4 f4 21. Qg4 fxg3 22. fxg3 Nxb4 23. Rxf8+
Qxf8 24. Rc7 b5 25. h5 gxh5 26. Qxh5 Nxd5 27. exd5 {King,D-Hoffmann,M/BL2-W
8990 (1989) ;BL2 1990/1/2-1/2 (45)}) 18... Bxf3 (18... Kh8 19. b5 Bxf3 $2 (
19... Na5 $5 20. Qa4 Rf7) 20. bxc6 bxc6 21. Rxc6 {The powerful Nd5 gives white
a firm grip on the position.} Be2 $1 {To weaken the f2 square.} 22. Re1 Bh5 23.
Rc7 f5 24. Qb7 Rb8 25. Qxa7 {Berg,K-Tisdall,J/ Skei (07) 1994/ 0-1 (39)}) 19.
Ne7+ Kh8 20. Nxc6 bxc6 21. Qxf3 Qb6 22. Qc3 a5 23. a3 axb4 24. Qxb4 Rab8 {
1/2-1/2 Janjgava,L-Giorgadze,G/ URS-FL56 Simferopol 1988}) 18. exf5 $1 (18. b5
fxe4 19. bxc6 {Maric,A-Joachim/ Bad Ragaz op 1994/ 1/2-1/2}) 18... e4 (18...
gxf5 19. b5 $1 $16) 19. f6 Bh6 (19... Bxf6 20. Nxf6+ Qxf6 21. Nd2 $16) 20. Rxc6
$1 exf3 (20... bxc6 21. Ne7+ Kh8 22. Qxd8 Rxd8 23. Ne5 Be6 24. Bxe4 $16) 21.
Rd6 $1 {The Qd8 is trapped!} fxg2 22. Re1 $1 (22. Rxd8 $2 gxf1=Q+ 23. Kxf1 Bh3+
$19) 22... Qxd6 23. Ne7+ Qxe7 24. fxe7 $18 {The black pieces are very passive,
and the white Pe7 is very strong!} Re8 25. g4 {Makes life for Bc8 very hard.}
Bg7 26. Qd5+ Kh8 27. h3 a6 28. b5 Rb8 29. Qd6 Ra8 30. bxa6 b6 31. Qc6 Bxa6 32.
Qxa8 1-0

[Event "NED-ch53"]
[Site "Rotterdam"]
[Date "1998.07.02"]
[Round "10"]
[White "Nikolic, Predrag"]
[Black "Nijboer, Friso"]
[Result "1-0"]
[WhiteElo "2635"]
[BlackElo "2580"]
[Annotator "Ftacnik,L"]
[PlyCount "75"]
[EventDate "1998.06.21"]
[EventType "tourn"]
[EventRounds "11"]
[EventCountry "NED"]
[EventCategory "12"]
[SourceTitle "CBM 066"]
[Source "ChessBase"]
[SourceDate "1998.09.30"]
[SourceVersion "1"]
[SourceVersionDate "1998.09.30"]
[SourceQuality "1"]

1. Nf3 Nf6 2. c4 g6 3. g3 Bg7 4. Bg2 O-O 5. O-O d5 6. cxd5 Nxd5 7. d4 Nb6 8.
Nc3 Nc6 9. e3 Re8 10. b3 e5 11. Nxe5 Nxe5 12. dxe5 Qxd1 13. Nxd1 (13. Rxd1 Bxe5
14. Bb2 c6 (14... a5 15. Rd2 c6 16. Rad1 a4 17. Ne4 Bg4 18. Bxe5 {1-0 Popov,
A-Shilov,Y/Voroshilovgrad op/1989/}) 15. Rd2 f5 (15... Bg4 16. Ne4 Bxb2 17.
Rxb2 Nd5 18. Rd2 Kf8 19. Nd6 Re7 20. e4 Rd7 21. Nxb7 Rxb7 22. exd5 {1-0
Paunovic,D-Gonzalez Diaz,J/La Coruna op/1996/ (33)}) 16. Re1 (16. Rad1 Be6 17.
Na4 (17. h3 Bg7 18. Ne2 a5 19. Nf4 Bxb2 20. Nxe6 Rxe6 21. Rxb2 Kf7 22. Rd4 Re7
23. Rbd2 Ke8 24. g4 {Gufeld,E-Rogers,I/Wellington/1988/1/2-1/2 (55)}) 17...
Bxb2 18. Nxb6 axb6 19. Rxb2 Kf7 20. Kf1 Ra5 21. Ke1 Kf6 22. Rdd2 {1/2-1/2
Andersson,U-Jansa,V/Sombor/1970/}) 16... Be6 17. f4 Bg7 18. e4 Rad8 19. Red1
Rxd2 20. Rxd2 Bxc3 21. Bxc3 fxe4 22. Bxe4 Bxb3 23. Bxc6 bxc6 24. axb3 Re3 25.
Rc2 Nd5 26. Bd4 Rxb3 27. Rxc6 Rb7 {1/2-1/2 Damljanovic,B-Kozul,Z/JUG-chT
Cetinje/1991/ (40)}) 13... Bxe5 14. Bb2 c6 (14... a5 15. Rc1 c6 16. Bxe5 Rxe5
17. Nc3 a4 18. b4 Be6 19. Rfd1 Bc4 20. Rd4 a3 21. Rc2 Kg7 22. h4 Be6 23. Ne4
Bb3 24. Re2 {1/2-1/2 Afifi,A-Ftacnik,L/Novi Sad olm/1990/ (29)}) (14... Bxb2
15. Nxb2 Rd8 16. Rfd1 Bg4 17. f3 Rxd1+ 18. Rxd1 Be6 19. Kf2 {1/2-1/2 Nikolic,
P-Azmaiparashvili,Z/EU-chTM/1997/}) 15. Bxe5 Rxe5 16. Nb2 {Nikolic is ready to
play the position with chances for the tiny endgame advantage with no risk.}
Bf5 (16... Re8 17. Rfd1 Be6 18. Nd3 $14) 17. Rfd1 a5 18. Rd4 Rc5 (18... Rae8
19. Rad1 $14) 19. e4 Be6 20. Nd3 Rc2 (20... Rb5 21. Bf1 $1 (21. Rc1 a4 22. Nc5
$2 axb3 23. axb3 Rxc5 24. Rxc5 Ra1+ 25. Bf1 Bh3 $19) 21... a4 22. b4 Bc4 23.
Nc5 $16) 21. Nf4 a4 (21... Bd7 22. Rad1 Bc8 23. a4 $14) 22. Nxe6 axb3 $5 {
Nijboer plays with lot of phantasy in order to avoid suffering in a worse
endgame. Unfortnatelly for him Nikolic is in classical frame of mind so the
pain will be duly coming.} (22... fxe6 23. Bh3 $1 (23. Rb4 Nd7 24. Rxa4 Rxa4
25. bxa4 Nc5 26. a5 g5 $13) 23... Kf7 24. Rb4 $16) 23. Rad1 (23. Nf4 b2 24. Rb1
Rxa2 $13) (23. Rb4 Nc4 $5 (23... Raxa2 24. Rf1 Nc4 25. Nd4 c5 26. Nxc2 cxb4 27.
Nxb4 Rd2 28. Nd5 b2 29. Nc3 $16) 24. Nd4 Rcxa2 25. Rf1 (25. Rc1 b2 26. Rcxc4
Ra1+ 27. Bf1 b1=Q 28. Rxb1 Rxb1 $13) 25... Nd2 26. Rxb7 b2 27. Nxc6 $14) 23...
fxe6 (23... bxa2 $2 24. Rd8+ $18) 24. axb3 Rca2 (24... Raa2 25. Rb4 Rxf2 26.
Bh3 Rxh2 27. Bf1 Nd5 28. Rxb7 $18) 25. Bh3 Kf7 26. Rb4 {Suddenly the position
becomes critical, since b6,b7 and e6 are all under serious fire.} R8a6 27. e5
$6 (27. Bf1 $1 c5 28. Rb5 R2a5 (28... Ke7 29. Rxc5 Nd7 30. Rc7 Rd6 31. Rxd6
Kxd6 32. Rxb7 $18) 29. b4 $1 Rxb5 30. Bxb5 cxb4 31. Bxa6 bxa6 32. Rd6 $18)
27... c5 (27... Ra1 28. Rxa1 Rxa1+ 29. Kg2 Ra6 30. Rh4 h5 31. Rf4+ Ke7 32. Rf6
$18) 28. Rb5 Ra1 29. Rxa1 Rxa1+ 30. Bf1 (30. Kg2 Nd7 31. Rxb7 Ke7 32. Bg4 $16)
30... Nd7 31. Rxb7 Ke8 32. Kg2 $1 (32. f4 Kd8 33. Kf2 Kc8) 32... Nxe5 33. Rxh7
{Any assymetry must be in favour of the player with the bishop.} Rb1 (33... Ra2
34. h3 $1 Rb2 35. Rc7 Rxb3 36. Rxc5 Nf7) 34. Rc7 Rxb3 35. Rxc5 Nf7 (35... Ng4
36. Rg5 $18) (35... Nd7 36. Bb5 Ke7 37. Bxd7 Kxd7 38. Rg5 $18) 36. Bc4 Rb6 37.
Bd3 e5 (37... g5 38. Bg6 Kf8 39. Bxf7 Kxf7 40. Rxg5 $18) 38. Bc4 {The game was
not quite over after the 38...e4!, so black probably lost on time.} (38. Bc4 e4
$1 39. Bd5 Rb4 $16) 1-0

[Event "Toronto1"]
[Site "Toronto"]
[Date "1990.??.??"]
[Round "10"]
[White "Vaganian, Rafael A"]
[Black "Kozul, Zdenko"]
[Result "1-0"]
[WhiteElo "2605"]
[BlackElo "2575"]
[Annotator "Ftacnik,L"]
[PlyCount "75"]
[EventDate "1990.04.??"]
[EventType "tourn"]
[EventRounds "11"]
[EventCountry "CAN"]
[EventCategory "9"]
[SourceTitle "CBM 020"]
[Source "ChessBase"]
[SourceDate "1991.02.01"]
[SourceVersion "1"]
[SourceVersionDate "1991.02.01"]
[SourceQuality "1"]

1. Nf3 Nf6 2. c4 g6 3. g3 Bg7 4. Bg2 d5 5. cxd5 O-O 6. Nc3 Nxd5 7. O-O Nc6 8.
d4 Nb6 9. e3 Re8 10. Ne1 e5 11. d5 Na5 12. Nc2 c6 13. b4 $5 {N} Nac4 14. dxc6
e4 $1 15. Nd4 (15. Nxe4 Bxa1 16. Nxa1 bxc6 $15) 15... f5 16. Qb3 bxc6 17. Rd1
Qf6 18. Bf1 Qf7 (18... Be6 $2 19. Nxe6 Qxc3 20. Nxg7 $18) 19. Na4 (19. Nxc6 $6
Be6 20. Qc2 Rac8 21. b5 Ne5 $17) 19... Ne5 20. Bb2 Rb8 21. Qc2 Nxa4 22. Qxa4
Bd7 (22... c5 $5 23. Nc6 Bd7 (23... Nxc6 24. Bxg7 Kxg7 25. Qxc6 cxb4 26. Rac1
$146) 24. Bxe5 Bxe5 25. b5 Bxa1 26. Nxb8 Rxb8 27. Rxa1 $14) 23. Qxa7 Rxb4 24.
Ba3 Rbb8 25. Bd6 Ra8 26. Qc5 Ra4 27. Rab1 Qd5 $2 (27... Nd3 $1 28. Bxd3 exd3
29. Rxd3 Qxa2 $10) 28. Qxd5+ cxd5 29. Rb7 Rd8 30. Be7 $2 (30. Bc7 $1 $18) 30...
Rda8 31. Bd6 Rd8 $2 (31... R4a7 $10) 32. Bc7 $1 Bc8 33. Rb8 Rf8 34. Bd6 $2 (34.
Bb5 $18) 34... Nd7 35. Bb5 $2 (35. Bxf8 Nxb8 36. Bxg7 Kxg7 37. Rc1 $14) 35...
Nxb8 $2 (35... Rxd4 $1 36. exd4 Nxb8 37. Bxb8 Ba6 38. Bxa6 Rxb8 $15) 36. Bxa4
Bd7 37. Bxd7 Nxd7 38. Bxf8 {Ftacnik,L} 1-0

[Event "Tan Chin Nam Cup 7th"]
[Site "Shanghai"]
[Date "2001.07.14"]
[Round "6"]
[White "Tkachiev, Vladislav"]
[Black "Ye, Jiangchuan"]
[Result "0-1"]
[WhiteElo "2642"]
[BlackElo "2671"]
[Annotator "Ftacnik,L"]
[PlyCount "96"]
[EventDate "2001.07.09"]
[EventType "tourn"]
[EventRounds "9"]
[EventCountry "CHN"]
[EventCategory "16"]
[SourceTitle "CBM 085"]
[Source "ChessBase"]
[SourceDate "2001.11.13"]
[SourceVersion "1"]
[SourceVersionDate "2001.11.13"]
[SourceQuality "1"]

1. d4 Nf6 2. c4 g6 3. g3 Bg7 4. Bg2 d5 5. cxd5 Nxd5 6. Nf3 Nb6 7. Nc3 Nc6 8. e3
O-O 9. O-O Re8 10. d5 Na5 11. Nd4 Bd7 12. e4 Rc8 13. Re1 c6 14. Bf4 (14. dxc6
Nxc6 $11) 14... cxd5 15. exd5 Nac4 16. b3 Nd6 (16... Nb2 $6 17. Qd2 Bf5 18.
Ncb5 $1 Nd3 19. Nxf5 Nxe1 (19... Bxa1 20. Nh6+ Kg7 21. Qxd3 $18) 20. Nxg7 Nxg2
21. Be5 Rf8 22. Kxg2 a6 23. Nc3 $16) 17. Qd2 Na8 {If white managed to put
pressure against the e7 pawn his space advantage will guarrantee him solid
advantage. Black his rushing to create enough counterplay on the queenside.} (
17... Nf5 18. Be3 (18. Nce2 Nxd4 19. Nxd4 Bg4 20. h3 e5 21. hxg4 exf4 22. Rxe8+
Qxe8 23. Qxf4 Rd8 $15) 18... Nxd4 19. Bxd4 e5 20. Be3 $14) 18. Be5 (18. Rac1
Qa5) 18... Bxe5 19. Rxe5 Qa5 20. Re3 (20. Rc1 Nb6 21. Re2 Qb4 $132) 20... Nc7
21. a4 (21. Rae1 Ncb5 22. Ndxb5 Nxb5 23. Ne4 Qxd2 24. Nxd2 Kf8 25. Nc4 $14)
21... Na6 (21... b5 22. Rae1 $1 b4 23. Na2 Nxd5 24. Bxd5 Qxd5 25. Nxb4 Qb7 26.
Rxe7 $16) 22. Rae1 Qb4 23. R1e2 (23. Bf1 Nc5 24. Rxe7 Nxb3 25. Nxb3 Qxc3 26.
Qf4 $14) 23... Bg4 24. Re1 (24. f3 Bd7 25. Rxe7 Rxe7 26. Rxe7 Bxa4 27. bxa4
Rxc3 28. Rd7 $14) 24... Bd7 25. h4 Nc5 26. Qd1 $2 {[%mdl 8192] Tkachiev was
struggling to get advantage, but it was not necessary to fall behind in piece
coordination.} (26. Rxe7 Nxb3 27. Nxb3 Qxc3 $11) 26... Nxb3 $1 27. Nc2 (27.
Nxb3 Rxc3 28. Rxc3 Qxc3 $17) (27. Qxb3 Qxd4 28. Rd1 Qf6 $17) 27... Qa5 28. Rxe7
Rxe7 29. Rxe7 Bf5 $1 30. Ne4 (30. Na1 Rxc3 31. Nxb3 Qxa4 $19) 30... Bxe4 31.
Bxe4 Qd8 32. Re5 Qf6 (32... f6 33. Re6 Nc5 34. Bg2 Nxe6 35. dxe6 Qe7 $17) 33.
f4 Nc4 34. Rg5 (34. Qg4 Rd8 35. Rh5 Nd4 36. Qg5 Qb6 37. Nxd4 Qxd4+ $19) 34...
Ne3 $5 {Ye Jiangchuan had a difficult choice of good ways to fight
uncoordinated white pieces.} (34... h6 35. Rg4 Ncd2 36. Bd3 Rc3 $19) 35. Nxe3 (
35. Qb1 Nxc2 36. Bxc2 Qd4+ 37. Kh1 Qd2 $19) 35... Rc1 36. Qxc1 (36. Re5 Rxd1+
37. Nxd1 Qa6 $19) 36... Nxc1 37. Re5 Qb6 (37... Qa6 38. Bc2 Ne2+ 39. Kg2 Nc3
$17) 38. Bc2 Ne2+ 39. Kg2 Nd4 40. Nc4 (40. Bd1 f6 $17) 40... Qd8 41. Bd3 f6 42.
Re4 (42. Re3 Qxd5+ 43. Kf2 a6 44. a5 Nc6 $19) 42... Qxd5 43. Ne3 Qc5 44. Re8+
Kf7 45. Rd8 Ke7 46. Rh8 (46. Rd5 Qc3 47. Re5+ Kf8 $19) 46... Qc6+ 47. Kh2 Nf3+
48. Kh3 Qe6+ (48... Qe6+ 49. Ng4 h5 $19) 0-1

[Event "ARG-ch"]
[Site "Buenos Aires"]
[Date "1998.04.22"]
[Round "7"]
[White "Szmetan, Jorge"]
[Black "Alonso, Salvador"]
[Result "1-0"]
[WhiteElo "2420"]
[BlackElo "2390"]
[Annotator "Ftacnik,L"]
[PlyCount "95"]
[EventDate "1998.04.15"]
[EventType "tourn"]
[EventRounds "15"]
[EventCountry "ARG"]
[EventCategory "9"]
[SourceTitle "CBM 065"]
[Source "ChessBase"]
[SourceDate "1998.08.06"]
[SourceVersion "1"]
[SourceVersionDate "1998.08.06"]
[SourceQuality "1"]

{[%mdl 4164]} 1. Nf3 Nf6 2. c4 g6 3. g3 Bg7 4. Bg2 O-O 5. O-O d5 6. cxd5 Nxd5
7. d4 Nb6 8. Nc3 Nc6 9. e3 e5 10. d5 Na5 11. e4 c6 12. Bg5 f6 13. Be3 cxd5 14.
Bxb6 axb6 $6 {A minor weakness on b6 is not disasterous, but black central
squares are poorly covered with pieces. White has good chances to create lot
of problems.} (14... Qxb6 15. Nxd5 Qd8) 15. Qxd5+ Kh8 (15... Qxd5 16. Nxd5 Bg4
(16... Nc4 17. b3 Nd6 18. Nxb6 Ra6 19. Nxc8 Rxc8 20. Rfd1 Bf8 21. a4 Nxe4 22.
Nxe5 f5 23. Bxe4 fxe4 24. Rac1 {1-0 Skomorokhin,R-Pribyl,M/Mlada Boleslav op/
1992/ (55)}) 17. Nxb6 Ra6 18. Nd5 Nc4 19. Rfc1 Nxb2 20. Rab1 Ra3 21. Rxb2 Bxf3
22. Bxf3 Rxf3 23. Rxb7 {Ross,D-Savereide,D/Saint John op-1/1988/1-0 (51)}) 16.
Qxd8 (16. Rfd1 Qe7 17. Qb5 Qc5 18. Rd5 Qc6 (18... Qxb5 19. Rxb5 Bd7 20. Rxb6
Bc6 21. Bf1 f5 22. Ng5 Rf6 23. Re1 h6 24. Nf3 fxe4 25. Nd2 {1-0 Quinteros,
M-Bronstein,L/Sao Paulo/1977/ (31)}) (18... Qc7 19. Rad1 Nc6 20. h3 Ra5 21. Qe2
Nb4 22. Rb5 Rxb5 23. Qxb5 Qc5 24. a3 Nc6 25. Rd5 Qe7 26. Qxb6 {1-0 Smejkal,
J-Lombardy,W/Siegen olm/1970/ (38)}) 19. Rad1 Be6 20. Rd6 Qxb5 21. Nxb5 Bxa2
22. Rxb6 Bb3 23. Rd7 Rfd8 24. Rxd8+ Rxd8 25. Nc3 Rb8 26. Bf1 {Kristiansen,
T-Heggheim,B/Kringsja/1978/1-0 (51)}) 16... Rxd8 17. Nd5 Rd6 (17... Nc4 18. b3
Nd6 19. Nxb6 Ra6 20. Nxc8 Rxc8 21. Rfd1 Nxe4 22. Nxe5 $16) (17... b5 18. Nc7
Rb8 19. Nxb5 $16) 18. b4 Nc4 (18... Nc6 19. Nxb6 Rb8 20. Rfd1 Rxd1+ 21. Rxd1
Bg4 22. a3 Nd4 23. Rd3 Bxf3 24. Bxf3 Rd8 25. Kg2 $16) 19. Rfc1 Na3 (19... b5
20. a4 Bh6 21. axb5 Rxa1 22. Rxa1 Kg7 23. h4 $14) 20. Rc7 Nb5 (20... Bh6 21. h4
$14) 21. Re7 Re6 (21... h5 22. Re8+ Kh7 23. Ne7 Rc6 24. Nxc6 bxc6 25. a4 $16)
22. Nxb6 $1 {Small combination with an unusual idea, white clears the b6 pawn
without activating Bc8 first.} (22. Rxe6 Bxe6 23. Nxb6 Rxa2 $15) 22... Rxb6 (
22... Rxe7 23. Nxa8 Nc3 24. Nb6 Be6 25. a4 $14) 23. Re8+ Bf8 24. Rxf8+ Kg7 25.
Rd8 Rd6 (25... Nc3 $5 26. Bh3 Bxh3 27. Rxa8 Rxb4 28. Re1 $14) 26. Rxd6 Nxd6 27.
a4 Kf7 (27... Nxe4 28. Nxe5 Nxf2 29. Nxg6 $1 $16) 28. a5 b6 (28... Nxe4 $2 29.
Nxe5+ fxe5 30. Bxe4 $18) 29. Nd2 {Szmetan ended with an extra passed pawn, in
case it will not get eaten black chances are rather poor.} bxa5 30. bxa5 Nb7 (
30... Bb7 31. f4 $16) 31. Nc4 Be6 32. Bf1 Bxc4 (32... Nc5 33. f3 Nb3 34. Ra3
Nc5 35. a6 Ra7 (35... Nxa6 36. Nb6) 36. Ra5 Nb3 37. Rb5 $18) 33. Bxc4+ Ke7 34.
a6 (34. Bd5 $6 Rxa5 35. Rxa5 Nxa5 36. h4 $14) 34... Nd6 35. Bd3 (35. Bd5 Ra7
36. f4 Ne8 37. Kf2 Nc7 38. Bc4 $18) 35... Ra7 36. f4 {White has too many clear
pluses in the position, black stands no chance.} Kd7 (36... exf4 37. gxf4 Ke6
38. Kf2 g5 39. fxg5 fxg5 40. Ra5 $18) 37. fxe5 fxe5 38. Ra5 Ke6 (38... Nf7 39.
h4 Ke7 40. Kf2 $18) 39. h4 h6 40. Kf2 g5 (40... Kf6 41. Ke3 Ke6 42. Rc5 Kf6 43.
Rc6 Ke7 44. g4 Kd7 45. Rc5 Ke6 46. Be2 $18) 41. hxg5 hxg5 42. Kf3 Kf6 43. Kg4
Nf7 44. Rc5 Nd6 (44... Nh6+ 45. Kh5 Nf7 46. Rc6+ Ke7 47. Bc4 Nd6 48. Bd5 $18)
45. Rc6 Ke6 46. Bc4+ Kd7 47. Bd5 Nb5 48. Rb6 (48. Rb6 Nc3 49. Rb7+ Rxb7 50.
axb7 Kc7 51. Kxg5 $18) 1-0